Longman dictionary of contemporary english
Guardado en:
| Formato: | Libro |
|---|---|
| Publicado: |
Inglaterra :
Longman,
1995
|
| Edición: | 3a. ed. |
| Materias: | |
| Etiquetas: |
Agregar Etiqueta
Sin Etiquetas, Sea el primero en etiquetar este registro!
|
| LEADER | 00651nam a22002055a 4500 | ||
|---|---|---|---|
| 001 | CEM.cems010381 | ||
| 005 | 20080521134239.0 | ||
| 008 | 130507s1995##################000#0#####d | ||
| 003 | CEMS | ||
| 020 | |a 0582237475 | ||
| 082 | 0 | 4 | |a C423 |
| 245 | 0 | 0 | |a Longman dictionary of contemporary english |
| 250 | |a 3a. ed. | ||
| 260 | |a Inglaterra : |b Longman, |c 1995 | ||
| 300 | |a 1684 p. | ||
| 653 | |a Diccionarios | ||
| 653 | |a Inglés-diccionario | ||
| 859 | |a CEMS |b BIB. CEMS - 11 de abril |h C423 |i L863-1a3 |p 20974.00 |t Ej.1 | ||
| 859 | |a CEMS |b BIB. CEMS - 11 de abril |h C423 |i L863-1a3 |p 20975.00 |t Ej.2 | ||
| 859 | |a CEMS |b BIB. CEMS - 11 de abril |h C423 |i L863-1a3 |p 20976.00 |t Ej.3 | ||
